Complex analysis /

Bewaard in:
Bibliografische gegevens
Hoofdauteur: Bak, Joseph
Andere auteurs: Newman, Donald J.
Formaat: Sách giấy
Taal:English
Gepubliceerd in: New York : Springer-Verlag , 1982
Tags: Voeg label toe
Geen labels, Wees de eerste die dit record labelt!
Thư viện lưu trữ: Thư viện Trường Đại học Đà Lạt
LEADER 00584nam a2200253 4500
001 DLU020019466
005 ##1/11/2002
020 # # |a 978- 
041 # # |a eng 
082 # # |a 515.9  |b BA-J 
100 # # |a Bak, Joseph 
245 # # |a Complex analysis /  |c Joseph Bak, Donald J. Newman  
260 # # |a New York :  |b Springer-Verlag ,  |c 1982 
300 # # |a 254 tr.;   |c 21 cm. 
700 # # |a Newman, Donald J. 
992 # # |a 12000 
994 # # |a DLU 
900 # # |a False 
911 # # |a Administrator 
925 # # |a G 
926 # # |a A 
927 # # |a SH 
980 # # |a Thư viện Trường Đại học Đà Lạt